| 000 | 00685nam a2200253 i 4500 | ||
|---|---|---|---|
| 001 | 16944 | ||
| 003 | BD-RjUL | ||
| 005 | 20211209000053.0 | ||
| 008 | 140215s1975 fr b i000 0 eng | ||
| 020 | _a9231012525 | ||
| 035 | _a(BD-RjUL)17000 | ||
| 040 |
_aDLC _cDLC _dBD-RjUL _beng |
||
| 041 | _aeng | ||
| 082 | 0 | 0 |
_a700 _bABA 1975 |
| 100 | 1 |
_aAbercrombie, Nigel. _952289 |
|
| 245 | 1 | 0 |
_aArtists and their public / _cby Nigel Abercrombie. |
| 260 |
_aParis : _bUnesco Press, _cc1975. |
||
| 300 |
_a123 p. ; _c21 cm. |
||
| 504 | _aIncludes bibliographical references. | ||
| 650 | 0 |
_aArts and society. _952290 |
|
| 942 |
_2ddc _cBK |
||
| 999 |
_c16944 _d16944 |
||